00686 a2200193 450000500170000001000130001702000260003003500130005603700090006908200060007810000310008424500440011526000490015927000650020830000220027394200250029599900190032095201530033920240520152738.0 aB-759124 a9780143334071c199.00 aB-759124 bGift aN aSrinivasan, Shalini966489 aGangamma's Gharial/cShalini Srinivasan aGurgaonbPenguin Books India Pvt. Ltd.c2023 a7th Floor,Infinity Tower C, DLF Cyber City bGurgaone122002 a202 p.c20 cm(Pb) adplcCH2ddchNmSRI c203035d203035 001040708FICaZLSbZLSd2024-05-20eGift/20.5.24g199.00l1m1oN SRIpB-759124r2025-07-11 00:00:00s2025-06-25t1v199.00w2024-05-20yCHzGift